Eva peron "la mujer del siglo" [documento web] /
Guardado en:
| Autor Principal: | |
|---|---|
| Formato: | Libro |
| Publicado: |
: , 0
|
| Etiquetas: |
Agregar Etiqueta
Sin Etiquetas, Sea el primero en etiquetar este registro!
|
| LEADER | 00389nam a22001455a 4500 | ||
|---|---|---|---|
| 001 | CEM.cems010468 | ||
| 005 | 20060214000000.0 | ||
| 008 | 130507b######################000#0#####d | ||
| 003 | CEMS | ||
| 082 | 0 | 4 | |a F92O |
| 100 | 1 | |a Navarro, Marisa | |
| 245 | 1 | 0 | |a Eva peron "la mujer del siglo" [documento web] / |
| 260 | |a : , 0 | ||
| 300 | |a 12 p.1 | ||
| 859 | |a CEMS |b BIB. CEMS - 11 de abril |h F92O |i 45 |p 1745.44 |t Ej.1 | ||
